| 000 | 01740nam a2200253Ia 4500 | ||
|---|---|---|---|
| 999 |
_c51933 _d51933 |
||
| 001 | 18933 | ||
| 003 | GE_BSU | ||
| 005 | 20210422121149.0 | ||
| 008 | 181216s2013||||ge |||||||||||||| ||geo|| | ||
| 040 | _cGE_BSU | ||
| 041 | _ageo | ||
| 080 | _a63 მ-60 | ||
| 100 |
_aმეფარიშვილი, სოსო _911518 |
||
| 245 |
_aხორბლის სეპტორიოზის განვითარების თავისებურებები და მასთან ბრძოლის ხერხები საქართველოს პირობებში / _cსოსო მეფარიშვილი; სამეცნიერო ხელმძღვანელი ა. მურვანიძე, ლ. ბერაძე; ბათუმის შოთა რუსთაველის სახ-ფო უნ-ტი |
||
| 264 |
_aბათუმი, _c2013. |
||
| 300 |
_a150 გვ. ; _b30 სმ. |
||
| 653 | _aდისერტაცია | ||
| 653 | _aსოფლის მეურნეობა | ||
| 653 | _aხორბლის სეპტორიოზის განვითარების თავისებურებები და მასთან ბრძოლის ხერხები საქართველოს პირობებში | ||
| 700 |
_aმურვანიძე, ა. _eსამეცნიერო ხელმძღვანელი _91804 |
||
| 700 |
_aბერაძე, ლ. _eსამეცნიერო ხელმძღვანელი _911519 |
||
| 710 |
_aბათუმის შოთა რუსთაველის სახ-ფო უნ-ტი _911520 |
||
| 942 |
_cBK _2udc |
||